| 000 | 00396nam a2200145Ia 4500 | ||
|---|---|---|---|
| 008 | 230917s9999||||xx |||||||||||||| ||und|| | ||
| 040 |
_e95991 _aMAIN |
||
| 041 | _aEnglish | ||
| 082 | _a346.086 U3U | ||
| 100 | _aUniversal | ||
| 245 | 0 | _aUniversal's bare act: The insurance regulatory and development authority act, 1999 | |
| 260 |
_aDelhi _bUniversal _c2003 |
||
| 300 | _a310 p. | ||
| 942 | _cBK | ||
| 999 |
_c115420 _d115420 |
||